| 000 | 00459nam a2200157 i 4500 | ||
|---|---|---|---|
| 001 | 64884 | ||
| 003 | ES-MaACL | ||
| 005 | 20230906165237.0 | ||
| 007 | t| | ||
| 008 | 040107s1914 xxu ||||1| eng d | ||
| 100 | 1 |
_aFortescue, J. W. _951852 |
|
| 245 | 1 | 0 |
_aMilitary history _b: lectures delivered at Trinity College Cambridge / _cJ.W. Fortescue. |
| 260 |
_aCambridge : _bUniversity Press, _c1914. |
||
| 300 |
_a202 p. ; _c16 cm. |
||
| 852 |
_aES-MaACL _jD-3263 |
||
| 999 |
_c64884 _d64884 |
||